00493nam a22001697a 450000500170000001000150001702000260003203500140005803700090007208200160008110000270009724500780012425000060020226000310020827000570023930000270029620260519120604.0 aENG-148516 a9789364445535c650.00 aEN-132048 bDBAD 21a332.1068 aBhattachahrya, Mousumi aFinTech: bAI Transforming Modern Digital Finance/cMousumi Bhattachahrya a1 aChennaibMcGraw Hillc2026 a5/90 A, Butt Road, St. Thomas MountbChennaie600016 a287p.c24cm(pb)bIndex